Saptaswara's classical gems/ (Record no. 55984)

000 -LEADER
fixed length control field 00355nam a22001457a 4500
082 ## - DEWEY DECIMAL CLASSIFICATION NUMBER
Classification number 780.95487
Item number THI/S
100 ## - MAIN ENTRY--AUTHOR NAME
Personal name Thiyagarajan T H
245 ## - TITLE STATEMENT
Title Saptaswara's classical gems/
Statement of responsibility, etc by Thiyagarajan T H
260 ## - PUBLICATION, DISTRIBUTION, ETC. (IMPRINT)
Place of publication Chennai:
Name of publisher Saptaswara Musicals,
Year of publication 2009.
300 ## - PHYSICAL DESCRIPTION
Number of Pages 63p.
650 ## - SUBJECT ADDED ENTRY--TOPICAL TERM
Topical Term Carnatic Music
650 ## - SUBJECT ADDED ENTRY--TOPICAL TERM
Topical Term Music
650 ## - SUBJECT ADDED ENTRY--TOPICAL TERM
Topical Term Arts
942 ## - ADDED ENTRY ELEMENTS (KOHA)
Koha item type Book
Holdings
Withdrawn status Lost status Damaged status Not for loan Permanent Location Current Location Shelving location Date acquired Cost, normal purchase price Full call number Accession Number Price effective from Koha item type
        Sree Sankaracharya University of Sanskrit Sree Sankaracharya University of Sanskrit Stacks 24.08.2015 120.00 780.95487 THI/S 078033 24.08.2015 Book
        Sree Sankaracharya University of Sanskrit Sree Sankaracharya University of Sanskrit Stacks 24.08.2015 120.00 780.95487 THI/S 078034 24.08.2015 Book